000
00200 a2200085 4500
020
_a
9781465450951
100
_a
DK
245
_a
Artist's Painting Techniques: Explore Watercolors
260
_b
DK
_c
2016
999
_c
13237
_d
13237